000 00279nam a22001337a 4500
008 170822b xxu||||| |||| 00| 0 eng d
020 _a9780130523167
041 _aeng
080 _a51
100 _a37
101 _aMAT
245 _aALGEBRA 1
_cBELLMAN,A.E
942 _2udc
_cBK
999 _c24490
_d24490